[Event "Aeroflot Open"]
[Site "Moscow RUS"]
[Date "2002.02.09"]
[Round "8"]
[White "Onischuk,Al"]
[Black "Rychagov,A"]
[Result "1-0"]
[WhiteElo "2655"]
[BlackElo "2544"]

1.c4 e6 2.Nc3 d5 3.d4 Nf6 4.Bg5 Be7 5.e3 O-O 6.Nf3 h6 7.Bh4 b6 8.Be2 Bb7
9.Bxf6 Bxf6 10.cxd5 exd5 11.b4 c6 12.O-O a5 13.b5 c5 14.Ne5 Qc7 15.Ng4 Be7
16.Bf3 Rd8 17.Rc1 c4 18.Ne5 Bb4 19.Nxd5 Bxd5 20.Bxd5 Rxd5 21.Rxc4 Qd8 22.Qf3 Rxe5
23.Qxa8 Re8 24.Rfc1 Ba3 25.R1c2 Qd7 26.g3 Qxb5 27.Rc8 Bd6 28.Qb7 Rxc8 29.Rxc8+ Kh7
30.Qxf7 Qb1+ 31.Kg2 Qe4+ 32.f3  1-0

[Event "Aeroflot Open"]
[Site "Moscow RUS"]
[Date "2002.02.10"]
[Round "9"]
[White "Goloshchapov,A"]
[Black "Onischuk,Al"]
[Result "0-1"]
[WhiteElo "2545"]
[BlackElo "2655"]

1.e4 e5 2.Nf3 Nc6 3.Bb5 a6 4.Ba4 Nf6 5.O-O b5 6.Bb3 Bb7 7.d3 Be7 8.Nc3 O-O
9.Bd2 d6 10.Nd5 Nxd5 11.Bxd5 Rb8 12.a4 Bf6 13.axb5 axb5 14.Be3 Ne7 15.Bxb7 Rxb7
16.d4 exd4 17.Bxd4 Nc6 18.c3 Nxd4 19.cxd4 c5 20.e5 dxe5 21.dxc5 e4 22.c6 Rc7
23.Nd2 e3 24.fxe3 Rxc6 25.Ne4 Bxb2 26.Rb1 Qxd1 27.Rfxd1 Rc2 28.Rd3 b4 29.Rb3 Bc3
30.Rd1 h6 31.Nxc3 bxc3 32.Rbb1 Re8 33.Rd3  0-1

[Event "US Masters"]
[Site "Chicago USA"]
[Date "2002.03.02"]
[Round "5"]
[White "Onischuk,Al"]
[Black "Kaidanov,G"]
[Result "1/2-1/2"]
[WhiteElo "2655"]
[BlackElo "2596"]

1.d4 d5 2.c4 e6 3.Nf3 Nf6 4.Bg5 Bb4+ 5.Nbd2 dxc4 6.Qc2 b5 7.a4 c6 8.e4 h6
9.Bxf6 Qxf6 10.Be2 O-O 11.O-O Bb7 12.b3 cxb3 13.Nxb3 a6 14.Nc5 Bxc5 15.dxc5 Nd7
16.Rad1 Qe7 17.Rd6 e5 18.Rfd1 Nf6 19.Qd3  1/2-1/2

[Event "US Masters"]
[Site "Chicago USA"]
[Date "2002.03.03"]
[Round "6"]
[White "Gurevich,D"]
[Black "Onischuk,Al"]
[Result "1/2-1/2"]
[WhiteElo "2544"]
[BlackElo "2655"]

1.d4 Nf6 2.c4 e6 3.Nc3 Bb4 4.e3 O-O 5.Ne2 d5 6.a3 Be7 7.cxd5 exd5 8.b4 c6
9.Ng3 Re8 10.Bd3 Nbd7 11.O-O Nb6 12.Rb1 Bd6 13.a4 Bxg3 14.hxg3 Ne4 15.Bxe4 dxe4
16.b5 Be6 17.Nxe4 Ba2 18.Ra1 Bc4 19.Nc5 Bxf1 20.Qxf1 Nd7 21.Nxb7 Qc7 22.bxc6 Qxc6
23.Qb5 Qxb5 24.axb5 Reb8 25.Nd6 a6 26.bxa6 Rb6 27.Ne4 Rbxa6 28.Rxa6 Rxa6
29.Bb2 Rb6 30.Ba3 Rb1+ 31.Kh2 f5 32.Nd6 Nf6 33.f3 Rb3 34.Bc5 Rxe3 35.Nxf5 Re2
36.g4 Nd5 37.Bd6 Kf7 38.Be5 g6 39.Nd6+ Ke7 40.Ne4 Ne3 41.Nf6 Rxg2+ 42.Kh3 Rg1
43.Kh2 Rf1 44.Kg3 h6 45.Ng8+ Ke6 46.Nxh6 Rh1 47.Kf4 Nc4  1/2-1/2

[Event "3rd Karpov It"]
[Site "Poikovsky RUS"]
[Date "2002.04.20"]
[Round "5"]
[White "Onischuk,Al"]
[Black "Vescovi,G"]
[Result "1-0"]
[WhiteElo "2641"]
[BlackElo "2611"]

1.d4 Nf6 2.c4 e6 3.Nc3 Bb4 4.e3 O-O 5.Bd3 d5 6.Nf3 c5 7.O-O cxd4 8.exd4 dxc4
9.Bxc4 b6 10.Bg5 Bb7 11.Re1 Nbd7 12.Rc1 Rc8 13.Qb3 Bxc3 14.Rxc3 Qe8 15.Nd2 h6
16.Bxh6 gxh6 17.Rh3 Rxc4 18.Nxc4 Kg7 19.Qg3+ Kh7 20.Qd3+ Kg7 21.Nd6 Qb8 22.Rxe6 fxe6
23.Rg3+ Ng4 24.Rxg4+ Kf6 25.Qh7  1-0

[Event "3rd Karpov It"]
[Site "Poikovsky RUS"]
[Date "2002.04.22"]
[Round "7"]
[White "Onischuk,Al"]
[Black "Zvjaginsev,V"]
[Result "1/2-1/2"]
[WhiteElo "2641"]
[BlackElo "2645"]

1.d4 Nf6 2.c4 e6 3.g3 d5 4.Nf3 Be7 5.Bg2 O-O 6.O-O dxc4 7.Qc2 a6 8.a4 Bd7
9.Qxc4 Bc6 10.Bg5 Bd5 11.Qd3 c5 12.dxc5 Bxc5 13.Nc3 Bc6 14.Qc4 Nbd7 15.b4 Be7
16.b5 Bxf3 17.Bxf3 Ne5 18.Qf4 Nxf3+ 19.Qxf3 axb5 20.axb5 Qb6 21.Be3 Qc7 22.Bf4 Qb6
23.Be3  1/2-1/2

[Event "11th Open"]
[Site "Chicago USA"]
[Date "2002.05.25"]
[Round "2"]
[White "Zlotnikov,M"]
[Black "Onischuk,Al"]
[Result "0-1"]
[WhiteElo "2352"]
[BlackElo "2641"]

1.Nf3 Nf6 2.g3 d5 3.Bg2 e6 4.O-O c5 5.c4 d4 6.b4 cxb4 7.a3 Nc6 8.d3 Be7 9.axb4 Bxb4
10.Ne5 Nxe5 11.Qa4+ Nc6 12.Bxc6+ bxc6 13.Qxb4 Nd7 14.Qd6 c5 15.Nd2 a5 16.Ne4 Ra6
17.Qf4 e5 18.Qg5 Qxg5 19.Nxg5 f6 20.Ne4 Bb7 21.Nd2 Kf7 22.Ba3 a4 23.Rfb1 Bc6
24.Rb2 Re8 25.Ne4 Bxe4 26.dxe4 Ke6 27.Rab1 Rc8 28.Kf1 g6 29.g4 Rcc6 30.Ke1 f5
31.gxf5+ gxf5 32.exf5+ Kxf5 33.Kd2 Rh6 34.Rb7 Rhb6 35.R1xb6 Nxb6 36.Kd3 e4+
37.Kc2 Nxc4  0-1

[Event "FIDE GP"]
[Site "Moscow RUS"]
[Date "2002.06.01"]
[Round "1.1"]
[White "Vaganian,R"]
[Black "Onischuk,Al"]
[Result "1-0"]
[WhiteElo "2664"]
[BlackElo "2641"]

1.Nf3 Nf6 2.c4 e6 3.Nc3 d5 4.d4 Be7 5.Bg5 O-O 6.e3 Nbd7 7.Rc1 a6 8.c5 c6
9.Bd3 e5 10.Bxf6 Bxf6 11.dxe5 Be7 12.Qc2 g6 13.Na4 Qc7 14.Qc3 Re8 15.Qd4 Bf8
16.Nb6 Nxb6 17.cxb6 Qe7 18.Ke2 Bg7 19.b4 Bxe5 20.Nxe5 Qxe5 21.Qxe5 Rxe5 22.Rc5 Bf5
23.Bxf5 Rxf5 24.Rd1 Re8 25.Rd4 Kf8 26.a4 Ke7 27.f4 Kd6 28.Kf3 Re4 29.Rcc4 Rxd4
30.Rxd4 c5 31.bxc5+ Kxc5 32.g4 Rf6 33.a5 Rd6 34.g5 Kb5 35.e4 dxe4+ 36.Kxe4 Re6+
37.Kf3 Kxa5 38.Rd7 Rxb6 39.Rxf7 Kb4 40.Rxh7 a5 41.h4 a4 42.f5 gxf5 43.Re7 a3
44.Re2 Ka4 45.h5 Rb2 46.Re1 Rh2 47.h6 a2 48.Rg1 Kb3 49.g6 Rh3+ 50.Kf4 Rh4+
51.Kxf5 Rh5+ 52.Kf4 Rh4+ 53.Kg5 Rh2 54.g7  1-0

[Event "FIDE GP"]
[Site "Moscow RUS"]
[Date "2002.06.03"]
[Round "3.3"]
[White "Kasimdzhanov,R"]
[Black "Onischuk,Al"]
[Result "1/2-1/2"]
[WhiteElo "2674"]
[BlackElo "2641"]

1.e4 e5 2.Nf3 Nc6 3.Bb5 a6 4.Ba4 Nf6 5.O-O Bc5 6.c3 b5 7.Bc2 d6 8.a4 Bg4
9.h3 Bh5 10.d3 O-O 11.Nbd2 Nd7 12.b4 Bb6 13.Bb3 Ne7 14.Re1 Kh8 15.g4 Bg6
16.Nf1 bxa4 17.Rxa4 a5 18.Ng3 axb4 19.cxb4 Rxa4 20.Bxa4 f6 21.Kg2 Bf7 22.Bb3 d5
23.d4 dxe4 24.Rxe4 Nd5 25.Bd2 exd4 26.Nxd4 Ne5 27.f4 Ng6 28.Ngf5 Re8 29.Rxe8+ Qxe8
30.Kg3 Nde7 31.Bxf7 Qxf7 32.Qe2 Bxd4 33.Nxd4 Qd5 34.Nf3 Qd6 35.Qe4 Kg8 36.Qa8+ Kf7
37.Qe4  1/2-1/2

[Event "FIDE GP"]
[Site "Moscow RUS"]
[Date "2002.06.03"]
[Round "3.2"]
[White "Onischuk,Al"]
[Black "Kasimdzhanov,R"]
[Result "1-0"]
[WhiteElo "2641"]
[BlackElo "2674"]

1.d4 Nf6 2.c4 g6 3.Nc3 Bg7 4.e4 d6 5.Nf3 O-O 6.Be2 e5 7.Be3 exd4 8.Nxd4 Re8
9.f3 c6 10.Bf2 d5 11.exd5 cxd5 12.O-O Nc6 13.c5 Nh5 14.Qd2 Be5 15.g3 Ng7
16.Rfd1 Be6 17.Nxe6 fxe6 18.f4 Bf6 19.Nb5 Rf8 20.Nd6 Rb8 21.Rac1 b6 22.Bb5 bxc5
23.Bxc6 Rxb2 24.Qe1 Qxd6 25.Bxc5 Qxc6 26.Bxf8 Qa6 27.Bxg7 Kxg7 28.Rd2 Qxa2
29.Qxe6 Bc3 30.Rxb2 Qxb2 31.Rd1 Bd4+ 32.Kh1 Qb3 33.Qe2 Be3 34.Qd3 Qxd3 35.Rxd3 d4
36.Kg2 a5 37.Kf3 Kf6 38.Ke4 g5 39.Rb3 gxf4 40.gxf4 Bd2 41.Rb6+ Kf7 42.Rb7+ Kg8
43.f5 Bc3 44.Rd7 Bb4 45.Kxd4 a4 46.Kd5 a3 47.Ke6 Bc5 48.f6  1-0

[Event "FIDE GP"]
[Site "Moscow RUS"]
[Date "2002.06.03"]
[Round "3.1"]
[White "Kasimdzhanov,R"]
[Black "Onischuk,Al"]
[Result "1-0"]
[WhiteElo "2674"]
[BlackElo "2641"]

1.e4 e5 2.Nf3 Nc6 3.Bb5 a6 4.Ba4 Nf6 5.O-O Be7 6.Re1 b5 7.Bb3 O-O 8.a4 Bb7
9.d3 Re8 10.Nbd2 Bf8 11.c3 Na5 12.Ba2 c5 13.Nf1 d5 14.exd5 Bxd5 15.axb5 axb5
16.Bg5 Bxa2 17.Rxa2 Qd5 18.c4 bxc4 19.Bxf6 cxd3 20.Rxa5 Rxa5 21.Bxe5 c4 22.Ne3 Qc6
23.Bc3 Ra4 24.Ne5 Qb5 25.h3 f6 26.Nf3 Raa8 27.Nd2 Rac8 28.Nexc4 Rxe1+ 29.Qxe1 Re8
30.Qb1 Qd7 31.b4 Re2 32.Nb2 Qf5 33.Nxd3 h5 34.Qb3+ Kh7 35.Qc4 Bd6 36.Nf1 Re4
37.Qc6 Re6 38.Qd7 Qe4 39.Nc5 Bxc5 40.bxc5 Ra6 41.Ng3 Qb1+ 42.Kh2 Qg6 43.Nxh5  1-0

[Event "FIDE GP"]
[Site "Moscow RUS"]
[Date "2002.06.03"]
[Round "3.4"]
[White "Onischuk,Al"]
[Black "Kasimdzhanov,R"]
[Result "0-1"]
[WhiteElo "2641"]
[BlackElo "2674"]

1.d4 Nf6 2.c4 e6 3.Nc3 Bb4 4.e3 O-O 5.Bd3 d5 6.Nf3 b6 7.O-O Bb7 8.a3 Bd6
9.cxd5 exd5 10.b4 a6 11.Qb3 Qe7 12.Rb1 Nbd7 13.a4 Rfe8 14.b5 axb5 15.axb5 Ne4
16.Nxd5 Bxd5 17.Qxd5 Nc3 18.Qb3 Nxb1 19.Qxb1 Nf6 20.e4 Nxe4 21.Re1 f5 22.Ng5 Kh8
23.Bxe4 Qf6 24.h4 fxe4 25.Rxe4 Qg6 26.f3 Rxe4 27.Nxe4 Rf8 28.Qb3 h6 29.Be3 Rxf3
30.h5 Qxe4 31.gxf3 Qxf3 32.Qe6 Qxh5 33.Kg2 Kh7 34.Kf2 Qxb5 35.Qe4+ g6 36.d5 Qb2+
37.Kf3 Qe5 38.Qc4 h5 39.Qc6 Qf5+ 40.Ke2 h4 41.Qa4 h3  0-1

[Event "FIDE GP"]
[Site "Moscow RUS"]
[Date "2002.06.04"]
[Round "4.1"]
[White "Onischuk,Al"]
[Black "Lautier,J"]
[Result "1/2-1/2"]
[WhiteElo "2641"]
[BlackElo "2675"]

1.d4 Nf6 2.c4 e6 3.Nc3 Bb4 4.e3 O-O 5.Bd3 d5 6.Nf3 c5 7.O-O dxc4 8.Bxc4 Nbd7
9.Qe2 b6 10.a3 cxd4 11.Nb5 Be7 12.Nbxd4 Bb7 13.b4 a6 14.Bb2 Bd6 15.Rfd1 Qe7
16.Rac1 b5 17.Bd3 Rac8 18.e4 Ne5 19.Nxe5 Bxe5 20.Rxc8 Rxc8 21.g3 Nd7 22.Nb3 Bxb2
23.Qxb2 e5 24.f3 Rc7 25.Bf1 h6 26.Qd2 Bc8 27.Bh3 Nf8 28.Bxc8 Rxc8 29.Nc5 Ne6
30.Qd6 Qxd6 31.Rxd6  1/2-1/2

[Event "30th World Open"]
[Site "Philadelphia USA"]
[Date "2002.06.30"]
[Round "2"]
[White "Lymar,V"]
[Black "Onischuk,Al"]
[Result "0-1"]
[WhiteElo "2290"]
[BlackElo "2641"]

1.d4 Nf6 2.Nf3 e6 3.c4 d5 4.Nc3 Be7 5.Bg5 O-O 6.e3 Nbd7 7.Rc1 a6 8.cxd5 exd5
9.Bd3 Re8 10.O-O c6 11.h3 Nf8 12.Ne5 N6d7 13.Bxe7 Qxe7 14.Nxd7 Bxd7 15.Qf3 Rad8
16.Rfe1 Ne6 17.Re2 Qh4 18.Kh2 Qh6 19.Rce1 Ng5 20.Qg3 f5 21.f3 Qf6 22.Bc2 Rxe3
23.Rxe3 f4 24.Qf2 fxe3 25.Rxe3 Qf4+ 26.Kh1 Re8 27.Rxe8+ Bxe8 28.Qe1 Kf8 29.h4 Nf7
30.Ne2 Qe3 31.Qb4+ Kg8 32.Ng1 b5 33.Qc3 Qf2 34.Nh3 Qxh4 35.Bf5 Nd6 36.Qe3 Kf8
37.Qe6 Qe7 38.Nf4 g6 39.Qxe7+ Kxe7 40.Bd3 a5 41.Kg1 Nb7 42.Kf2 Kd6 43.Ke3 c5
44.dxc5+ Nxc5 45.Bc2 b4 46.Ne2 Ba4 47.Bb1 Nd7 48.f4 Nf6 49.Nd4 Bd7 50.Bd3 a4
51.a3 b3 52.Nf3 Kc5 53.Ne5 d4+ 54.Kf3 Bf5 55.Ke2 Be6 56.g3 Nd5 57.Kd2 Ne3
58.Be2 Bc4 59.Bd3 Nf1+ 60.Bxf1 Bxf1 61.Nf7 Bc4 62.Ng5 h6 63.Nf3 Bd5 64.Ne5 Be4
65.Nf7 h5 66.Ng5 Kd5 67.Ke2 Bf5 68.Kd2 Bc8 69.Kd3 Ba6+ 70.Kd2 Bb5 71.Ke1 Bd7
72.Kd2 Bf5 73.Ke2 Be4 74.Kd2 Bg2 75.Ke2 Be4 76.Kd2 Bf5 77.Ke2 Bc8 78.Ke1 Ba6
79.Kd1 Bb7 80.Kd2 Ba6 81.Ke1  0-1

[Event "30th World Open"]
[Site "Philadelphia USA"]
[Date "2002.07.04"]
[Round "6"]
[White "Finegold,B"]
[Black "Onischuk,Al"]
[Result "1/2-1/2"]
[WhiteElo "2527"]
[BlackElo "2641"]

1.d4 Nf6 2.c4 e6 3.Nc3 Bb4 4.Qc2 O-O 5.Nf3 c5 6.dxc5 Na6 7.g3 Nxc5 8.Bg2 Nce4
9.O-O Nxc3 10.bxc3 Be7 11.e4 d6 12.e5 dxe5 13.Nxe5 Qc7 14.Qe2 Bd6 15.Bf4 Ne8
16.Rab1 f6 17.Nd3 Qxc4 18.Bxb7 Bxb7 19.Rxb7 Bxf4 20.Nxf4 Qxe2 21.Nxe2 Nd6
22.Re7 Rfe8 23.Rd7 Red8 24.Re7 e5 25.g4 Kf8 26.Rc7 Nb5 27.Rc5 Rab8 28.a4 Nd6
29.Ng3 Rbc8 30.Ra5 Rc7 31.Rd1 Rcd7 32.g5 Nc4 33.Rxd7 Rxd7 34.Rc5 Nb6 35.gxf6 gxf6
36.Rc6 Nd5 37.Nh5 Kf7 38.c4 Kg6 39.cxd5 Kxh5 40.Rxf6 Rxd5 41.Ra6 Rd7 42.Ra5 Re7
43.f4 Kg4 44.fxe5  1/2-1/2

[Event "ECC"]
[Site "Halkidiki GRE"]
[Date "2002.09.22"]
[Round "1"]
[White "Onischuk,Al"]
[Black "Timoscenko,G"]
[Result "1-0"]
[WhiteElo "2644"]
[BlackElo "2508"]

1.d4 Nf6 2.c4 g6 3.Nc3 Bg7 4.e4 d6 5.Nf3 O-O 6.Be2 Na6 7.O-O e5 8.Be3 Ng4
9.Bg5 f6 10.Bc1 c6 11.h3 Nh6 12.Re1 Nf7 13.Rb1 f5 14.dxe5 Nxe5 15.Nxe5 Bxe5
16.Bh6 Rf7 17.f4 Bxc3 18.bxc3 fxe4 19.Qd4 Nc5 20.Rbd1 Ne6 21.Qxe4 Qh4 22.Bg4 Qxh6
23.Bxe6 Bxe6 24.Qxe6 Qg7 25.Rxd6 Qxc3 26.Re3 Qc2 27.Rd7 Qb1+ 28.Kh2 Rf8 29.Red3 Qc1
30.R3d4 Qc3 31.f5 gxf5 32.Rxf7 Rxf7 33.Qe5 Qa3 34.Rd8+ Rf8 35.Rd7 Rf7 36.Qe6 Qf8
37.Rxb7 Kg7 38.Qxc6 Rxb7 39.Qxb7+ Kg6 40.Qc7 f4 41.Qxa7 Qd6 42.Qf2 Qc7 43.c5 Qe5
44.c6 Qc3 45.Qf3 Qc4 46.a4 h5 47.a5 Kg5 48.a6 Qxa6 49.Qd5+ Kh6 50.Qe6+ Kg7
51.Qd7+ Kh6 52.c7 Qg6 53.Qd2 Qc6 54.Qxf4+ Kg6 55.h4  1-0

[Event "ECC"]
[Site "Halkidiki GRE"]
[Date "2002.09.23"]
[Round "2"]
[White "Stanec,N"]
[Black "Onischuk,Al"]
[Result "1/2-1/2"]
[WhiteElo "2523"]
[BlackElo "2644"]

1.d4 Nf6 2.c4 e6 3.Nf3 d5 4.Nc3 Be7 5.Bg5 O-O 6.e3 Nbd7 7.cxd5 exd5 8.Bd3 Re8
9.Qc2 Nf8 10.O-O c6 11.h3 g6 12.Rab1 Ne6 13.Bh4 Nh5 14.Bxe7 Qxe7 15.b4 Ng5
16.Nxg5 Qxg5 17.Kh2 f5 18.Rfe1 Bd7 19.Be2 Nf6 20.Bf3 Re7 21.b5 Rae8 22.bxc6 bxc6
23.Rb7 a5 24.Ne2 Qh6 25.Rc1 Ne4 26.Nf4 g5 27.Nd3 g4 28.Bxe4 fxe4 29.Ne5 g3+
30.fxg3 Bxh3 31.Rb3 Be6+ 32.Kg1 Rf8 33.Qe2 Qg5 34.g4 Bd7 35.Rf1 Rxf1+ 36.Qxf1 Kg7
37.Qf2 Be8 38.Rb1 Re6 39.Rb7+ Re7 40.Rxe7+ Qxe7 41.Qf5 h6 42.Kf2 Qh4+ 43.Ke2 Qg3
44.Qe6 Qxg2+ 45.Ke1 Qg1+  1/2-1/2

[Event "ECC"]
[Site "Halkidiki GRE"]
[Date "2002.09.24"]
[Round "3"]
[White "Onischuk,Al"]
[Black "Svidler,P"]
[Result "0-1"]
[WhiteElo "2644"]
[BlackElo "2690"]

1.d4 Nf6 2.c4 g6 3.Nc3 d5 4.cxd5 Nxd5 5.e4 Nxc3 6.bxc3 Bg7 7.Bc4 c5 8.Ne2 Nc6
9.Be3 O-O 10.O-O Bd7 11.Rc1 Rc8 12.d5 Ne5 13.Bb3 Qa5 14.h3 Qa6 15.a4 Nc4
16.Bg5 e6 17.Qd3 exd5 18.exd5 Na5 19.Qxa6 bxa6 20.Bc2 Rfe8 21.Ng3 f5 22.Rfe1 c4
23.Nf1 Nb3 24.Rb1 h6 25.Rxe8+ Bxe8 26.Be3 Bxa4 27.g4 Nc5 28.Bxa4 Nxa4 29.Rb7 Rd8
30.gxf5 gxf5 31.Ng3 Rxd5 32.Rc7 Nxc3 33.Rxc4 a5 34.Rc6 a4 35.Ra6 a3 36.Rxa3 a5
37.Nh5 Be5 38.Kg2 a4 39.Bf4 Bd4 40.Be3 Bh8 41.Bxh6 Rb5 42.Ng3 Kh7 43.Bf8 Kg6
44.Bd6 Bd4 45.h4 Rb2 46.Kh3 Rxf2 47.h5+ Kf6 48.Bc5 Bxc5 49.Rxc3 Bd6 50.h6 Kg6
51.Rc6 Rd2 52.h7 Kxh7 53.Nxf5 Bb4 54.Ra6 a3 55.Ra4 a2 56.Nd4 Rd3+ 57.Kg2 Ba3
58.Nc2 Rd2+ 59.Kf3 Rxc2 60.Ra7+ Kg6  0-1

[Event "ECC"]
[Site "Halkidiki GRE"]
[Date "2002.09.25"]
[Round "4"]
[White "Relange,E"]
[Black "Onischuk,Al"]
[Result "0-1"]
[WhiteElo "2494"]
[BlackElo "2644"]

1.d4 Nf6 2.c4 e6 3.Nf3 d5 4.Nc3 Be7 5.Bg5 h6 6.Bh4 O-O 7.e3 b6 8.Rc1 Bb7
9.a3 Nbd7 10.cxd5 exd5 11.Bd3 c5 12.O-O Ne4 13.Bxe7 Qxe7 14.dxc5 bxc5 15.Bb1 Ndf6
16.Qc2 Rac8 17.Rfd1 Rfd8 18.Nxe4 Nxe4 19.Qa4 a6 20.Bxe4 dxe4 21.Nd2 Rd3 22.Nf1 Rcd8
23.Re1 h5 24.b4 cxb4 25.axb4 h4 26.h3 Qd7 27.Qa5 Rd5 28.Rc5 Rc8 29.Rec1 Rdxc5
30.Rxc5 Rxc5 31.Qxc5 f6 32.Qh5 Qa4 33.Nd2 Qxb4 34.Qe8+ Qf8 35.Qe6+ Qf7 36.Qb6 Qd5
37.Nb3 Qc6 38.Qd8+ Kh7 39.Nd4 Qc1+ 40.Kh2 Qc5 41.Kg1 Bd5 42.Qd7 a5 43.Nf5 Bf7
44.Nxh4 Qd5 45.Qa7 a4 46.Nf5 a3 47.Nxg7 Qd1+  0-1

[Event "ECC"]
[Site "Halkidiki GRE"]
[Date "2002.09.28"]
[Round "7"]
[White "Efimenko,Z"]
[Black "Onischuk,Al"]
[Result "0-1"]
[WhiteElo "2557"]
[BlackElo "2644"]

1.e4 e5 2.Nf3 Nc6 3.Bb5 a6 4.Ba4 Nf6 5.O-O Be7 6.Re1 b5 7.Bb3 O-O 8.d4 d6
9.c3 Bg4 10.d5 Na5 11.Bc2 Qc8 12.Nbd2 c6 13.b4 Nc4 14.Nxc4 bxc4 15.dxc6 Qxc6
16.h3 Bd7 17.a4 Rfe8 18.Bg5 h6 19.Bh4 Rad8 20.Qe2 Be6 21.a5 Qc7 22.Ba4 Rf8
23.Bg3 Nh5 24.Bh2 g6 25.Bc2 Bf6 26.Qe3 Nf4 27.Bxf4 exf4 28.Qd2 Kh7 29.Ra3 Be5
30.Nxe5 dxe5 31.Qe2 g5 32.Raa1 Rg8 33.f3 h5 34.Qf2 g4 35.hxg4 hxg4 36.Kf1 Qe7
37.Ke2 Kg7 38.Rad1 Rh8 39.Rxd8 Qxd8 40.Rg1 Rh2 41.Ke1 Kf6 42.Bd1 g3 43.Qe2 Qd7
44.Kf1 Qa7 45.Qd2 Kg6 46.Ba4 Rh8 47.Qe1 Kg5 48.Bc2 Bc8 49.Qe2 Bd7 50.Qe1 Bb5
51.Qd2 f6 52.Qe1 Bd7 53.Ke2 Rd8 54.Kd2 Ba4+ 55.Kc1 Bxc2 56.Kxc2 Qd7 57.Qe2 Qa4+
58.Kb1 Rd3 59.Qb2 Qd7 60.Rc1 Rd2 61.Rc2 Qd3 62.b5 Rxg2 63.bxa6 Rxc2 64.Qxc2 g2  0-1

[Event "Gp B"]
[Site "Cap d'Agde FRA"]
[Date "2002.10.24"]
[Round "2"]
[White "Nataf,IA"]
[Black "Onischuk,Al"]
[Result "1/2-1/2"]
[WhiteElo "2553"]
[BlackElo "2649"]

1.e4 e5 2.Nf3 Nc6 3.d4 exd4 4.Nxd4 Bc5 5.Nxc6 Qf6 6.Qd2 dxc6 7.Nc3 Bd4 8.Bd3 Ne7
9.O-O Ng6 10.Kh1 Ne5 11.Be2 Ng4 12.Nd1 Qd6 13.Bxg4 Bxg4 14.Qg5 Qg6 15.Qf4 Qh5
16.f3 Be6 17.Qg3 O-O-O 18.Be3 Bf6 19.Nc3 Rhe8 20.Rfd1 Qa5 21.Qe1 b6 22.a3 Bxc3
23.Qxc3 Qxc3 24.bxc3 f5 25.Rxd8+ Rxd8 26.Kg1 fxe4 27.fxe4 Kb7 28.Bg5 Rd7
29.Kf2 c5 30.Ke1 Kc6 31.Rd1 Rf7 32.Rd2 Kb5 33.Rf2 Rd7 34.Rd2 Ka4 35.Rxd7 Bxd7
36.Bc1 Bc6 37.g3 Bxe4 38.Kd2 Kb5 39.Kd1 Kc4 40.Bf4 Kxc3 41.Be5+ Kc4 42.Bxc7 b5
43.Be5 g5 44.h4 g4 45.Kc1 a5 46.Kb2 b4 47.c3 bxc3+ 48.Bxc3 a4 49.Be5 Kd3
50.Bd6 Kd4 51.Be7 c4 52.Bf6+ Kd3 53.Be5 Bg6 54.Bf6 Be4  1/2-1/2

[Event "Gp B"]
[Site "Cap d'Agde FRA"]
[Date "2002.10.25"]
[Round "3"]
[White "Onischuk,Al"]
[Black "Pelletier,Y"]
[Result "1-0"]
[WhiteElo "2649"]
[BlackElo "2587"]

1.d4 Nf6 2.c4 e6 3.Nc3 Bb4 4.e3 c5 5.Ne2 b6 6.a3 Ba5 7.Bd2 O-O 8.Rb1 Na6
9.d5 d6 10.f3 exd5 11.cxd5 Nh5 12.g3 f5 13.Bg2 Bd7 14.O-O b5 15.b4 cxb4 16.axb4 Bb6
17.Kh1 Nc7 18.e4 Qe7 19.Qc2 Rac8 20.Qd3 fxe4 21.Nxe4 Ne8 22.Nd4 Rc4 23.Ng5 Nef6
24.Nde6 Bxe6 25.Nxe6 Nxd5 26.Qxd5 Nf6 27.Qf5 Ne4 28.Nxf8  1-0

[Event "33rd NCC"]
[Site "Philadelphia USA"]
[Date "2002.12.01"]
[Round "5"]
[White "Paschall,W"]
[Black "Onischuk,Al"]
[Result "1-0"]
[WhiteElo "2463"]
[BlackElo "2649"]

1.Nf3 Nf6 2.c4 e6 3.Nc3 d5 4.d4 Be7 5.Bg5 h6 6.Bh4 O-O 7.e3 b6 8.Rc1 Bb7
9.cxd5 exd5 10.Bd3 Nbd7 11.O-O c5 12.Bf5 Re8 13.Ne5 cxd4 14.exd4 Nxe5 15.dxe5 Ne4
16.Nxe4 dxe4 17.Qxd8 Raxd8 18.Bxe7 Rxe7 19.Rfd1 Rxd1+ 20.Rxd1 g6 21.Rd7 Kf8
22.Rd8+ Re8 23.Rxe8+ Kxe8 24.Bh3 Bd5 25.a3 Be6 26.g4 Kd7 27.Bg2 Bd5 28.g5 hxg5
29.Bh3+ Kc6 30.Kf1 Kc5 31.Ke2 Kd4 32.e6 Bxe6  1-0

[Event "Rotary Open"]
[Site "Lindsborg Kansas USA"]
[Date "2002.12.19"]
[Round "3"]
[White "Vucic,M"]
[Black "Onischuk,Al"]
[Result "1/2-1/2"]
[WhiteElo "2396"]
[BlackElo "2649"]

1.Nf3 Nf6 2.d4 e6 3.c4 d5 4.Nc3 Be7 5.Bg5 h6 6.Bh4 O-O 7.e3 b6 8.Rc1 Bb7
9.Bxf6 Bxf6 10.cxd5 exd5 11.Qb3 c6 12.Be2 Nd7 13.O-O Re8 14.Rfd1 g6 15.Bf1 h5
16.Bd3 Nf8 17.a3 Ne6 18.Qa2 Bg7 19.Bf1 h4 20.b4 Rc8 21.a4 c5 22.bxc5 bxc5
23.dxc5 Rxc5 24.Nb5 Rxc1 25.Rxc1 d4 26.Nbxd4 Nxd4 27.Nxd4 h3 28.Ne2 Be5 29.Ng3 Qe7
30.Qb1 Rb8 31.Qd3 Rd8 32.Qe2 Qa3 33.Rd1 Rxd1 34.Qxd1 Bc6 35.Qd8+ Kg7 36.Nh5+ Kh6
37.Nf6 Kg7 38.Nh5+ Kh6 39.Nf6 Kg7 40.Nh5+  1/2-1/2

[Event "Rotary Open"]
[Site "Lindsborg Kansas USA"]
[Date "2002.12.23"]
[Round "9"]
[White "Muhammad,S"]
[Black "Onischuk,Al"]
[Result "1/2-1/2"]
[WhiteElo "2368"]
[BlackElo "2649"]

1.d4 Nf6 2.c4 e6 3.Nf3 d5 4.Nc3 Be7 5.cxd5 exd5 6.Bf4 c6 7.e3 Bf5 8.Bd3 Bxd3
9.Qxd3 Nbd7 10.O-O Nh5 11.Be5 O-O 12.Rfb1 a5 13.Rd1 g6 14.Rac1 f6 15.Bg3 Nxg3
16.hxg3 f5 17.Ne2 Bd6 18.Nf4 Qe7 19.Qb3 Nf6 20.Nd3 a4 21.Qc2 Ng4 22.Re1 a3
23.b3 Rae8 24.Rb1 Bb4 25.Rec1 Nf6 26.Nfe5 Ne4 27.Nxb4 Qxb4 28.Nd3 Qe7 29.b4 Nd6
30.Nc5 b5 31.Nb3 Nc4 32.Nd2 Ra8 33.Qc3 Qd6 34.Rb3 Ra4 35.Rcb1 Rfa8 36.Nf3 Re8
37.Ne1 Ra7 38.Nc2 Rea8 39.Qe1 Kg7 40.Rc3 h5 41.Qe2 Qf6 42.Ne1 h4 43.gxh4 Qxh4
44.g3 Qh3 45.Rd1 Rh8 46.Qf3 Kf6 47.Qg2 Qh5 48.Qf3 Rah7 49.Kf1 Qxf3 50.Nxf3 Rh1+
51.Ke2 Rxd1 52.Kxd1 Rh1+ 53.Ne1 g5 54.Ke2 Ke7 55.Rb3 Kd6 56.Rd3 g4 57.Rd1 Nb2
58.Rc1 Nc4 59.Rd1 Nb2  1/2-1/2

[Event "4th Karpov It"]
[Site "Poikovsky RUS"]
[Date "2003.04.23"]
[Round "4"]
[White "Onischuk,Al"]
[Black "Svidler,P"]
[Result "1/2-1/2"]
[WhiteElo "2647"]
[BlackElo "2713"]

1.Nf3 Nf6 2.c4 g6 3.Nc3 d5 4.cxd5 Nxd5 5.Qa4+ Bd7 6.Qh4 Nxc3 7.dxc3 Nc6 8.e4 e5
9.Bg5 Be7 10.Bc4 h5 11.Bxe7 Qxe7 12.O-O-O Qxh4 13.Nxh4 Rf8 14.Rd2 Na5 15.Rhd1 O-O-O
16.Be2  1/2-1/2

[Event "4th Karpov It"]
[Site "Poikovsky RUS"]
[Date "2003.04.24"]
[Round "5"]
[White "Lputian,S"]
[Black "Onischuk,Al"]
[Result "0-1"]
[WhiteElo "2638"]
[BlackElo "2647"]

1.d4 Nf6 2.c4 e6 3.Nf3 d5 4.Nc3 Be7 5.Bg5 h6 6.Bh4 O-O 7.e3 Ne4 8.Bxe7 Qxe7
9.Rc1 c6 10.Qc2 Nxc3 11.Qxc3 Nd7 12.cxd5 exd5 13.Bd3 Nf6 14.O-O Re8 15.Nd2 a5
16.Qc5 Be6 17.Qxe7 Rxe7 18.Rc3 Ne8 19.Rfc1 Nd6 20.Ra3 Bd7 21.Rc5 b5 22.b4 Nb7
23.Rc2 Ree8 24.Rb3 axb4 25.Rxb4 Ra3 26.Rb3 Ra7 27.Rbb2 Nd6 28.g4 Nc4 29.Nxc4 dxc4
30.Bf5 Bxf5 31.gxf5 Rd8 32.Rb4 Rd5 33.a4 Rxf5 34.axb5 cxb5 35.e4 Rf4 36.Rxb5 Rg4+
37.Kf1 Ra1+ 38.Ke2 Rxe4+ 39.Kf3 Rxd4 40.Rb4 Ra3+  0-1

[Event "4th Karpov It"]
[Site "Poikovsky RUS"]
[Date "2003.04.26"]
[Round "6"]
[White "Onischuk,Al"]
[Black "Lautier,J"]
[Result "1/2-1/2"]
[WhiteElo "2647"]
[BlackElo "2666"]

1.d4 Nf6 2.c4 e6 3.Nc3 Bb4 4.Qc2 O-O 5.a3 Bxc3+ 6.Qxc3 b6 7.Bg5 Bb7 8.f3 h6
9.Bh4 d5 10.e3 Nbd7 11.cxd5 Nxd5 12.Bxd8 Nxc3 13.Bh4 Nd5 14.Bf2 c5 15.Bb5 Rfd8
16.Ne2 cxd4 17.Nxd4 a6 18.Be2 Rac8 19.Rd1 Ne5 20.O-O b5 21.Rfe1 Nc4 22.Bxc4 bxc4
23.Ne2 f5 24.Nd4  1/2-1/2

[Event "4th Karpov It"]
[Site "Poikovsky RUS"]
[Date "2003.04.27"]
[Round "7"]
[White "Vescovi,G"]
[Black "Onischuk,Al"]
[Result "1/2-1/2"]
[WhiteElo "2615"]
[BlackElo "2647"]

1.e4 e5 2.Nf3 Nc6 3.Bb5 a6 4.Bxc6 dxc6 5.O-O f6 6.d4 exd4 7.Nxd4 c5 8.Ne2 Qxd1
9.Rxd1 Bd7 10.Nbc3 O-O-O 11.Be3 Re8 12.Rd2 Bc6 13.Rad1 b6 14.f3 Ne7 15.Nf4 Ng6
16.Ncd5 Ne5 17.b3 c4 18.Kf2 Kb7 19.g4 a5 20.h4 Ba3 21.Nh5 Rhg8 22.Bd4 Bxd5
23.exd5 Re7 24.Re2 Rge8 25.Bxe5 cxb3 26.axb3 Bc5+ 27.Kf1 fxe5 28.Ng3 Ra8
29.Ne4 Bd6 30.Ra1 h5 31.Rg2 Rh8 32.Ke2 Rf7 33.Rag1 Bf8 34.Ng5 Rd7 35.c4 c6
36.Rd1 cxd5 37.Rxd5 Rxd5 38.cxd5 Be7 39.Nf7 Rf8 40.Nxe5 Bxh4 41.gxh5 Bf6
42.Nd7 Re8+ 43.Kd3 Ba1 44.Rg6 Rh8 45.Nxb6 Rxh5 46.Ke4 Bf6 47.Nc4 Ka6 48.Rg3 Kb5
49.Nd6+ Kb4 50.f4 g5 51.fxg5 Rxg5 52.Rd3 Rg4+ 53.Kf5 Rd4  1/2-1/2

[Event "4th Karpov It"]
[Site "Poikovsky RUS"]
[Date "2003.04.29"]
[Round "9"]
[White "Zvjaginsev,V"]
[Black "Onischuk,Al"]
[Result "1/2-1/2"]
[WhiteElo "2664"]
[BlackElo "2647"]

1.d4 Nf6 2.c4 e6 3.Nf3 d5 4.Nc3 Be7 5.Bg5 h6 6.Bh4 O-O 7.e3 Ne4 8.Bxe7 Qxe7
9.Rc1 c6 10.Bd3 Nxc3 11.Rxc3 Nd7 12.O-O dxc4 13.Bxc4 e5 14.dxe5 Nxe5 15.Nxe5 Qxe5
16.Qb3 b5 17.Be2 Be6 18.Qc2 Bd5 19.f4 Qe7 20.Bf3 b4 21.Rd3 Bxf3 22.Rxf3  1/2-1/2

[Event "TCh-RUS"]
[Site "Togliatti RUS"]
[Date "2003.05.17"]
[Round "2"]
[White "Kalugin,S"]
[Black "Onischuk,Al"]
[Result "0-1"]
[WhiteElo "2454"]
[BlackElo "2647"]

1.e4 e5 2.Nf3 Nc6 3.Bb5 a6 4.Ba4 Nf6 5.O-O Be7 6.Re1 b5 7.Bb3 O-O 8.h3 Bb7
9.d3 d6 10.c3 Na5 11.Bc2 c5 12.Nbd2 Re8 13.a3 Bf8 14.b4 Nc6 15.Bb3 h6 16.Nf1 d5
17.exd5 Nxd5 18.Bd2 Nf6 19.Qb1 Qd7 20.bxc5 Bxc5 21.Ng3 Rad8 22.Be3 Bxe3 23.Rxe3 Nd5
24.Bxd5 Qxd5 25.c4 Qc5 26.Ne4 Qb6 27.c5 Qc7 28.Nd6 Re6 29.Qb2 Rdxd6 30.cxd6 Qxd6
31.Qb3 Rg6 32.g3 Rf6 33.Rae1 Qd7 34.Nxe5 Nxe5 35.Rxe5 Qxh3 36.Re8+ Kh7 37.R8e4 Rf5  0-1